[Event "ESP-ch U14"]
[Site "Salobrena"]
[Date "2024.07.15"]
[Round "1"]
[White "Munoz Fernandez, David"]
[Black "Lopez Martinez, Jaime"]
[Result "0-1"]
[WhiteElo "1738"]
[BlackElo "2024"]
[PlyCount "84"]
[EventDate "2024.07.15"]
[EventType "swiss"]
[EventRounds "9"]
[EventCountry "ESP"]
[SourceTitle "EXT 2025"]
[Source "ChessBase"]
[SourceDate "2024.10.14"]
[SourceVersion "1"]
[SourceVersionDate "2024.10.14"]
[SourceQuality "1"]

1. e4 e5 2. Nf3 Nc6 3. Nc3 Nf6 4. Bb5 Bb4 5. d3 d6 6. Bg5 0-0 7. h3 Qe7 8. 0-0 Bxc3 9. bxc3 Nd8 10. Re1 Ne6 11. Qd2 h6 12. Bh4 Nf4 13. Bg3 N6h5 14. d4 Qf6 15. Be2 Re8 16. Kh2 exd4 17. cxd4 Rxe4 18. Bd3 Rxe1 19. Rxe1 Bd7 20. Re4 Nxh3 21. gxh3 Qxf3 22. Re3 Qf6 23. Qe2 Nxg3 24. fxg3 Qxd4 25. Re7 Bc6 26. Bc4 Rf8 27. Qf1 d5 28. Bd3 Qb4 29. Qf5 g6 30. Qf6 Qd2+ 31. Kg1 d4 32. Re2 Qc1+ 33. Kf2 Qh1 34. g4 Bg2 35. Re1 Qh2 36. Re2 Qh1 37. Re1 Qxh3 38. Bxg6 fxg6 39. Re8 Qe3+ 40. Kxg2 Qxe8 41. Qxd4 Qe2+ 42. Kg3 Rf3+ 0-1